| 000 | 00693nam a2200193Ii 4500 | ||
|---|---|---|---|
| 003 | JO-AjNU | ||
| 008 | 230605s9999||||xx |||||||||||||| ||und|| | ||
| 040 |
_aJO-AjNU _bara _erda _cJO-AjNU |
||
| 041 | _aara | ||
| 050 | 1 | 4 | _aPQ2672 1962 |
| 100 | 3 |
_aتأليف لورد، والتر ؛ حسين القباني, _eauthor _939385 |
|
| 245 | 0 | 0 | _aليلة لاتنسى قصة غرق الباخرة ((تيتانيك)) |
| 264 | 3 | 1 | _aالقاهرة: دار النهضة العربية، 1962 |
| 300 | _a218ص | ||
| 336 |
_atext _btxt _2rdacontent |
||
| 337 |
_aunmediated _bn _2rdamedia |
||
| 338 |
_avolume _bnc _2rdacarrier |
||
| 650 | 4 |
_aالأدب العربي - ترجمة - روايات _939386 |
|
| 999 |
_aA16629 _c20197 _d20197 |
||